Neurodesarrollo y estimulación

Saved in:
Bibliografiske detaljer
Hovedforfatter: Zuluaga Gómez, Jairo Alberto (Author)
Format: Bog
Sprog:spansk
Udgivet: Bogotá Médica Internacional 2001
Udgivelse:1a. ed
Fag:
Tags: Tilføj Tag
Ingen Tags, Vær først til at tagge denne postø!

MARC

LEADER 00000nam a2200000 a 4500
001 UCL8711
003 CL-VaPUC
008 040702e20010000CK |||||||||||||||||spa|d
020 |a 9589181589 
082 0 4 |a 611.8  |b ZUL  |2 21 
100 0 |a Zuluaga Gómez, Jairo Alberto  |e author  |9 486673 
245 1 0 |a Neurodesarrollo y estimulación 
250 |a 1a. ed 
300 |a 295 p 
942 |c BK 
945 |d 20040702 00:00:00  |a cmena 
260 |a Bogotá  |b Médica Internacional  |c 2001 
650 0 |a Sistema nervioso  |9 266815 
650 0 |a Desarrollo neurológico  |9 486674 
650 0 |a Cerebro   |9 307262 
650 0 |a Neurología   |9 269802 
650 0 |a Pediatría  |9 309397 
583 |a last modification  |c 20040702 00:00:00  |k Rodrigo Vera 
999 |c 309882  |d 309880 
952 |0 0  |1 0  |4 0  |6 611_800000000000000_ZUL_2001  |7 0  |8 A  |9 377712  |a BIBCUR  |b BIBCUR  |d 2019-11-21  |i 4032802  |o 611.8 ZUL 2001  |p 4032802  |r 2025-04-22  |w 2019-11-21  |y BK  |k KIN 
952 |0 0  |1 0  |4 0  |6 611_800000000000000_ZUL_2001  |7 0  |8 A  |9 377713  |a BIBCUR  |b BIBCUR  |d 2019-11-21  |i 4032810  |o 611.8 ZUL 2001  |p 4032810  |r 2025-04-22  |w 2019-11-21  |y BK  |k KIN 
952 |0 0  |1 0  |4 0  |6 611_800000000000000_ZUL_2001  |7 0  |8 A  |9 377714  |a BIBCUR  |b BIBCUR  |d 2019-11-21  |i 4148320  |o 611.8 ZUL 2001  |p 4148320  |r 2025-04-22  |w 2019-11-21  |y BK  |k KIN 
952 |0 0  |1 0  |4 0  |6 611_800000000000000_ZUL_2001  |7 0  |8 A  |9 377715  |a BIBCUR  |b BIBCUR  |d 2019-11-21  |i 4148312  |o 611.8 ZUL 2001  |p 4148312  |r 2025-04-22  |w 2019-11-21  |y BK  |k KIN 
952 |0 0  |1 0  |4 0  |6 611_800000000000000_ZUL_2001  |7 0  |8 A  |9 377716  |a BIBCUR  |b BIBCUR  |d 2019-11-21  |i 1088580  |o 611.8 ZUL 2001  |p 1088580  |r 2025-04-22  |w 2019-11-21  |y BK  |k KIN 
952 |0 0  |1 0  |4 0  |6 611_800000000000000_ZUL_2001  |7 0  |8 A  |9 377717  |a BIBCUR  |b BIBCUR  |d 2019-11-21  |i 1088599  |o 611.8 ZUL 2001  |p 1088599  |r 2025-04-22  |w 2019-11-21  |y BK  |k KIN